| 000 | 00486nam a2200181Ia 4500 | ||
|---|---|---|---|
| 008 | 230711s9999||||xx |||||||||||||| ||und|| | ||
| 020 | _a978-81-265-1837-1 | ||
| 041 | _aENG | ||
| 082 |
_a629.89 _bRA-M |
||
| 100 | _aRamachandran.K.P | ||
| 245 | 0 | _aMechatronics : Integrated mechanical electronic systems | |
| 250 | _a1st Ed. | ||
| 260 |
_c2016 _aNew Delhi _bWiley India Pvt.Ltd |
||
| 300 | _a830p. | ||
| 650 | _aMechanical Engineering | ||
| 700 | _aVijayaraghavan,G.K | ||
| 942 | _cBK | ||
| 999 |
_c6113 _d6113 |
||